|
|
|
|
| LEADER |
00000cam a2200000 7i4500 |
| 001 |
0000051751 |
| 005 |
20150908.0 |
| 008 |
150908 |
| 020 |
|
|
|a 9832852811(set)
|
| 020 |
|
|
|a 9833704131
|
| 090 |
0 |
0 |
|a MOR
|b MAL
|
| 100 |
0 |
|
|a Syed Mahadzir
|
| 245 |
1 |
0 |
|a Kejujuran Budak Kampung
|c Syed Mahadzir
|
| 260 |
|
|
|a Selangor :
|b Cooray's House Of Publication Sdn Bhd ,
|c (s.n)
|
| 490 |
0 |
|
|a Siri Hentikan Buli
|
| 999 |
|
|
|a 0001042875
|b Book
|c Children Collection
|e Cawangan Tmn. Ungku Tun Aminah
|
| 999 |
|
|
|a 0001042876
|b Book
|c Children Collection
|e Cawangan Tmn. Ungku Tun Aminah
|
| 999 |
|
|
|a 0001042877
|b Book
|c Children Collection
|e Cawangan Taman Sri Lambak
|
| 999 |
|
|
|a 0001049922
|b Book
|c Children Collection
|e Cawangan Taman Universiti
|
| 999 |
|
|
|a 0001052046
|b Book
|c Children Collection
|e Cawangan Taman Universiti
|
| 999 |
|
|
|a 0001052047
|b Book
|c Children Collection
|e Cawangan Mersing
|
| 999 |
|
|
|a 0001052048
|b Book
|c Children Collection
|e Cawangan Kota Tinggi
|
| 999 |
|
|
|a 0001052847
|b Book
|c Children Collection
|e Cawangan Pontian
|
| 999 |
|
|
|a 0001052848
|b Book
|c Teenagers
|e Cawangan Bandar Tenggara
|
| 999 |
|
|
|a 0001071118
|b Book
|c Children Collection
|e Cawangan Taman Universiti
|
| 999 |
|
|
|a 0001071133
|b Book
|c Children Collection
|e Cawangan Taman Universiti
|
| 999 |
|
|
|a 0001075542
|b Book
|c Children Collection
|e Cawangan Tmn. Ungku Tun Aminah
|
| 999 |
|
|
|a 0001075609
|b Book
|c Children Collection
|e Cawangan Segamat
|
| 999 |
|
|
|a 0001075628
|b Book
|c Teenagers
|e Cawangan Bandar Tenggara
|
| 999 |
|
|
|a 0001075641
|b Book
|c Children Collection
|e Cawangan Segamat
|
| 999 |
|
|
|a 0001130572
|b Book
|c Children Collection
|e Cawangan Bandar Penawar
|
| 999 |
|
|
|a 0001130581
|b Book
|c Children Collection
|e Cawangan Segamat
|
| 999 |
|
|
|a 0001130597
|b Book
|c Children Collection
|e Cawangan Bukit Gambir
|
| 999 |
|
|
|a 0001133885
|b Book
|c Children Collection
|e Cawangan Bandar Penawar
|
| 999 |
|
|
|a 0001138618
|b Book
|c Children Collection
|e Cawangan Segamat
|